Petroleum Development Contracts with The Multinational in Nigeria (Record no. 3180)

MARC details
000 -LEADER
fixed length control field 00380nam a22001337a 4500
008 - FIXED-LENGTH DATA ELEMENTS--GENERAL INFORMATION
fixed length control field 250425b |||||||| |||| 00| 0 eng d
020 ## - INTERNATIONAL STANDARD BOOK NUMBER
ISBN 9783149679
100 ## - MAIN ENTRY--AUTHOR
Author DR. GIDADO, Maxwell
245 ## - TITLE STATEMENT
Title Petroleum Development Contracts with The Multinational in Nigeria
260 ## - PUBLICATION, DISTRIBUTION, ETC. (IMPRINT)
Place of publication Maiduguri
Name of publisher Ed-Lintorm Services
Date of publication 1999
300 ## - COLLATION
Pagination xxii, 273p.
942 ## - ADDED ENTRY ELEMENTS (KOHA)
Item type Books
050 ## - LIBRARY OF CONGRESS CALL NUMBER
Classification number HD9560
Item number .G53
Holdings
Source of classification or shelving scheme Not for loan Permanent location Current location Date acquired Accession No. Full call number Barcode. Koha item type
Library of Congress Classification   Samuel Ogbemudia Main Library, University of Abuja Samuel Ogbemudia Main Library, University of Abuja 04/25/2025 2005-27118 HD9560.G53 2025-1605 Books
Library of Congress Classification   Samuel Ogbemudia Main Library, University of Abuja Samuel Ogbemudia Main Library, University of Abuja 04/25/2025 2005-27118 HD9560.G53 2025-1606 Books
Library of Congress Classification   Samuel Ogbemudia Main Library, University of Abuja Samuel Ogbemudia Main Library, University of Abuja 04/25/2025 2005-27118 HD9560.G53 2025-1607 Books